Word Ladder: (Im)prudent Student Quiz Stats

Quiz Updated Aug 18, 2015

Challenge
Share
Tweet
Embed
Score 0/24 Timer 03:00
0 Plays Today
Hint 4-Letter Word % Correct
What you might do to gumCHEW
97.2%
Chinese dish: ____ MeinCHOW
97%
Study at the last minute*CRAM*
95.7%
Before the presentPAST
95.7%
Informal discussionCHAT
94.6%
A face coveringMASK
94.4%
Send in the mailPOST
94.2%
Something's priceCOST
93.8%
A piece of work to be done, or a choreTASK
93%
Density × VolumeMASS
92.8%
Icy precipitationHAIL
92.2%
Great result after [Rung 1]*PASS*
92%
Hint 4-Letter Word % Correct
Napoleon reputedly wasn'tTALL
92%
Layer of paintCOAT
91.7%
A speech or lectureTALK
91.4%
Small cut of meatCHOP
91.1%
Fellow, ladCHAP
91%
Disappointing result after [Rung 1]*FAIL*
90.9%
Where [Rung 1] might be held*HALL*
90.7%
With 'neck', a round neckline with no collarCREW
84.6%
Bivalve molluscCLAM
84.5%
Formal test, perhaps for A Levels?*EXAM*
84%
The stomach of an animalCRAW
81.9%
Ancient Middle Eastern KingdomELAM
71.8%

Today's Daily Dose

Missing Word
For Dummies Books

Word Ladder
Ariana Grande

Quick Pick
1970s Authors

On This Day
June 21st II

You're not logged in!

Compare scores with friends on all Sporcle quizzes.
Join for Free
OR
Log In

You Might Also Like...

Show Comments

Extras

Top Quizzes Today


Score Distribution

Your Account Isn't Verified!

In order to create a playlist on Sporcle, you need to verify the email address you used during registration. Go to your Sporcle Settings to finish the process.

Report this User

Report this user for behavior that violates our Community Guidelines.

Details: